Sports Quiz

Random Sports or Baseball Quiz

MLB 30-HR Seasons (1980s) Quiz Stats

Quiz Updated Jul 24, 2015

Challenge
Share
Tweet
Embed
Score 0/117 Timer 20:00
1 Play Today
HR Player % Correct
48Mike Schmidt
96.3%
40Mike Schmidt
96.3%
37Mike Schmidt
96.3%
36Mike Schmidt
96.3%
35Mike Schmidt
96.3%
35Mike Schmidt
96.3%
33Mike Schmidt
96.3%
31Mike Schmidt
96.3%
49Mark McGwire
95.9%
33Mark McGwire
95.9%
32Mark McGwire
95.9%
42Jose Canseco
94.4%
33Jose Canseco
94.4%
31Jose Canseco
94.4%
41Reggie Jackson
90.7%
39Reggie Jackson
90.7%
49Andre Dawson
90.5%
32Andre Dawson
90.5%
32Bo Jackson
90.4%
39Darryl Strawberry
89%
39Darryl Strawberry
89%
35Joe Carter
87.4%
32Joe Carter
87.4%
32Gary Carter
87.3%
44Dale Murphy
87%
37Dale Murphy
87%
36Dale Murphy
87%
36Dale Murphy
87%
36Dale Murphy
87%
33Dale Murphy
87%
33Dwayne Murphy
86.6%
39Jim Rice
85.1%
30George Brett
84%
47George Bell
82.8%
31George Bell
82.8%
35Don Mattingly
82.3%
31Don Mattingly
82.3%
30Don Mattingly
82.3%
36Howard Johnson
81.7%
HR Player % Correct
36Howard Johnson
81.7%
47Kevin Mitchell
78.6%
35Will Clark
78.3%
35Jack Clark
78.3%
39Gorman Thomas
78.1%
38Gorman Thomas
78.1%
32Gorman Thomas
78.1%
31Kirby Puckett
77.7%
40Darrell Evans
77.4%
34Darrell Evans
77.4%
30Darrell Evans
77.4%
34Dwight Evans
77.4%
32Dwight Evans
77.4%
32Dwight Evans
77.4%
33Eddie Murray
77%
32Eddie Murray
77%
32Eddie Murray
77%
31Eddie Murray
77%
30Eddie Murray
77%
37Eric Davis
76.6%
34Eric Davis
76.6%
34Glenn Davis
76.6%
31Glenn Davis
76.6%
30Glenn Davis
76.6%
37Dave Winfield
74.6%
32Dave Winfield
74.6%
34Kent Hrbek
72.9%
30Ryne Sandberg
69.3%
37Dave Kingman
68.5%
35Dave Kingman
68.5%
35Dave Kingman
68.5%
30Dave Kingman
68.5%
37Carlton Fisk
67.1%
40Jesse Barfield
62.5%
34Dave Parker
61.9%
31Dave Parker
61.9%
32Cecil Cooper
60.3%
30Cecil Cooper
60.3%
34Gary Gaetti
59.8%
HR Player % Correct
31Gary Gaetti
59.8%
43Tony Armas
58.5%
36Tony Armas
58.5%
35Tony Armas
58.5%
36Fred McGriff
57.9%
34Fred McGriff
57.9%
36Steve Balboni
55.9%
33Lance Parrish
53.6%
32Lance Parrish
53.6%
32Larry Parrish
53.5%
33Pedro Guerrero
52.1%
32Pedro Guerrero
52.1%
32Pedro Guerrero
52.1%
35Bob Horner
49.8%
32Bob Horner
49.8%
31Don Baylor
49.6%
35Ron Kittle
47.4%
32Ron Kittle
47.4%
41Ben Oglivie
47%
34Ben Oglivie
47%
33Rob Deer
43.9%
32Tom Brunansky
41.1%
32Tom Brunansky
41.1%
34Danny Tartabull
39.7%
34Wally Joyner
39.5%
30Ruben Sierra
37.7%
32Greg Luzinski
36.8%
33Andre Thornton
32.4%
32Andre Thornton
32.4%
32Matt Nokes
30.5%
33Cory Snyder
28.8%
30Doug DeCinces
27.8%
31Jason Thompson
25.6%
30Pete Incaviglia
24.7%
30John Mayberry
23.9%
32Mike Pagliarulo
20.6%
32Brook Jacoby
20.2%
30Nick Esasky
18.5%
31Larry Sheets
12.1%

You're not logged in!

Compare scores with friends on all Sporcle quizzes.
Sign Up with Email
OR
Log In

You Might Also Like...

Show Comments

Extras

Top Quizzes Today


Score Distribution

Your Account Isn't Verified!

In order to create a playlist on Sporcle, you need to verify the email address you used during registration. Go to your Sporcle Settings to finish the process.